| 000 | 01162nam a22002777a 4500 | ||
|---|---|---|---|
| 003 | OSt | ||
| 005 | 20250214091814.0 | ||
| 007 | cr ||||||a|c|a | ||
| 008 | 221130b2021 mx ||||fom||| 001 0 spa d | ||
| 040 | _erda | ||
| 100 | 1 |
_9131320 _aCruz López, Diego Francisco |
|
| 245 | 1 |
_aAnálisis de la competitividad y ventaja comparativa del aguacate hass de México en el mercado mundial / _cpor Diego Francisco Cruz López; director de tesis Ignacio Caamal Cauich |
|
| 264 | 1 |
_aChapingo, México : _bEl autor, _c2021. |
|
| 300 | _a1 recurso en línea (86 páginas). | ||
| 336 |
_2rdacontent _atexto _btxt |
||
| 337 |
_2rdamedia _acomputadora _bc |
||
| 338 |
_2rdacarrier _arecurso en línea _bcr |
||
| 502 |
_bDCEA _cDICEA _d2021. _gDOC |
||
| 504 | _aIncluye referencias bibliográficas: páginas 36-39, 55-57, 71 | ||
| 650 | 4 |
_92534 _aAguacate _xMercadeo |
|
| 650 | 4 |
_92524 _aAguacate _xImportación |
|
| 650 | 4 |
_92515 _aAguacate _xExportación |
|
| 700 | 1 |
_aCaamal Cauich, Ignacio _eDirector de tesis _916527 |
|
| 856 |
_uhttp://10.13.5.2/tesis/td/2021_EA_Cruz_Lopez_DiegoFrancisco.pdf _zDESCARGAR PDF |
||
| 942 |
_2Clasificación Universidad Autónoma Chapingo _cTD |
||
| 999 |
_c217897 _d217897 |
||